000 00253nam a2200109Ia 4500
008 220204s9999 xx 000 0 und d
082 _a301
_bOLI
100 _aOlien, M D
245 0 _aHuman myth
260 _aNew York
_bHarper and Row
_c1978
942 _cBK
999 _c29156
_d29156